000 06779namaa22004331i 4500
003 EG-GICUC
005 20260419204007.0
008 260419s2025 ua a|||frm||| 000 0 eng d
040 _aEG-GICUC
_beng
_cEG-GICUC
_dEG-GICUC
_erda
041 0 _aeng
_beng
_bara
049 _aDeposit
082 0 4 _a628.3
092 _a628.3
_221
097 _aM.Sc
099 _aCai01.12.08.M.Sc.2025.Ma.C
100 0 _aMahmoud Zein Al-Abdein Abd Al-Karim Ata,
_epreparation.
245 1 0 _aChemical modification of natural organic fibers as cost- effective adsorbents for wastewater treatment /
_cby Mahmoud Zein Al-Abdein Abd Al-Karim Ata ; Supervisors Prof. Dr. Said Abdelrahman Mostafa Salih, Dr. Shaimaa Taha Elsaid El-Wakeel.
246 1 5 _aالتعديل الكيميائي للألياف العضوية الطبيعية كمواد مازة فعالة منخفضه التكلفة لمعالجة المياه العادمه
264 0 _c2025.
300 _a139 pages :
_billustrations ;
_c25 cm. +
_eCD.
336 _atext
_2rda content
337 _aUnmediated
_2rdamedia
338 _avolume
_2rdacarrier
502 _a Thesis (M.Sc)-Cairo University, 2025.
504 _aBibliography: pages 114-133.
520 3 _aThis study explores the synthesis and application of N, N′-dimethyl- 1,3-propanediamine (DMPA)-functionalized cellulosic kenaf fiber (DMPA- OKF) as a novel adsorbent for eliminating cationic Cu2+ and anionic Congo red (CR) dye from aqueous solutions This study explores the synthesis and application of N, N′-dimethyl-1,3-propanediamine (DMPA)-functionalized cellulosic kenaf fiber (DMPA-OKF) as a novel adsorbent for eliminating cationic Cu2+ and anionic Congo red (CR) dye from aqueous solutions To improve surface accessibility and eliminate lignin, the kenaf fiber was initially treated with alkaline hydrogen peroxide. This was followed by DMPA grafting, which added functional amine groups that could interact with Cu2+ and CR dye. Energy dispersive X-ray (EDX), nitrogen absorption analysis, scanning electron microscopy (SEM), and Fourier-Transform infrared (FT-IR) all confirmed the successful chemical modification and structural changes by showing increased surface porosity and the presence of amine functionalities. The results of absorption trials showed that DMPA2-OKF performed the best, eliminating CR dye 82.55% at pH 2.0 with a dose of 1.0 g/L and Cu2+ 92.50% at pH 5.8 with a dosage of 2.5 g/L. The Langmuir model and pseudo-second- order kinetics were followed by CR dye absorption, according to absorption kinetics and isotherms, indicating monolayer chemisorption on homogeneous absorption sites. Cu2+ absorption, on the other hand, fits the Freundlich isotherm and the pseudo-first-order model, suggesting physical absorption on heterogeneous absorption sites. Thermodynamic analyses revealed that Cu2+ absorption was exothermic, with spontaneity declining at higher temperatures, while CR dye absorption was endothermic and entropy-driven, in line with chemisorption behavior. These results demonstrate the dual ability of DMPA2- OKF to eliminate both contaminants, providing a viable, long-term wastewater treatment option. Its practical application is increased by its fibrous nature, which also makes handling and separation easier after treatment.
520 3 _aتمت معالجة ألياف الكيناف أولاً باستخدام أول أكسيد الهيدروجين القلوي لإزالة اللجنين وتعزيز الوصول السطحي، ثم تم التطعيم باستخدام ن، ن-ثنائي ميثيل-1، 3-بروبانديامين (DMPA)، الذي أدخل مجموعات أمينية وظيفية قادرة على التفاعل مع كل من صبغة CR و Cu+2 تم تأكيد التعديل الكيميائي الناجح والتغيرات الهيكلية من خلال التحليل بالأشعة تحت الحمراء بتقنية تحويل فورييه(FT-IR) ، والمجهر الإلكتروني الماسح(SEM)، والأشعة السينية المشتتة للطاقة(EDX)، وتحليل امتصاص النيتروجين، والتي أظهرت مجتمعة زيادة في المسامية السطحية ووجود الوظائف الأمينية. كشفت تجارب الامتزاز أن الكناف المعدل بالامين(DMPA2OKF) أظهرت أفضل أداء، حيث حققت إزالة بنسبة 82.55% لصبغة CR عند pH 2.0 باستخدام جرعة 1.0 جرام/لتر وإزالة بنسبة 92.50% لأيونات Cu+2عند pH 5.8 باستخدام جرعة 2.5 جرام/لتر. أشارت حركيات الامتزاز والامتزازات إلى أن امتصاص صبغة CR اتبع حركيات من الدرجة الثانية ونموذج لانجموير، مما يشير إلى الامتزاز الكيميائي لطبقة أحادية على مواقع امتزاز متجانسة. بينما كان امتصاص Cu+2 يتناسب مع نموذج الترتيب امن الدرجة الأولى ونموذج فريندلش، مما يشير إلى الامتصاص الفيزيائي على مواقع الامتصاص غير المتجانسة. أظهرت الدراسات الديناميكية الحرارية أن امتصاص صبغة CR كان ماصًا للحرارة ومدفوعًا بالإنتروبيا، مما يتماشى مع سلوك الامتزاز الكيميائي، في حين أن امتصاص Cu2+ كان طاردًا للحرارة، مع انخفاض العفوية عند درجات الحرارة العالية. تُبرز هذه النتائج الوظيفة المزدوجة للكناف المعدل بالامين(DMPA2OKF) في إزالة كلا الملوثين، مما يوفر حلاً واعداً ومستداماً لمعالجة مياه الصرف الصحي. هيكله الليفي يسهل أيضًا التعامل معه والفصل بعد المعالجة، مما يعزز قابليته العملية.
530 _aIssues also as CD.
546 _aText in English and abstract in Arabic & English.
650 0 _aWastewater treatment
650 0 _aمعالجة المياه
653 1 _aKenaf fiber
_aazo dyes
_acongo red
_aadsorption
_aheavy metal
_aCopper
_aisotherm
_aKinetic
_aالامتزاز
_aحركيات الامتزاز
700 0 _aSaid Abdelrahman Mostafa Salih
_ethesis advisor.
700 0 _aShaimaa Taha Elsaid El-Wakeel
_ethesis advisor.
900 _b01-01-2025
_cSaid Abdelrahman Mostafa Salih
_cShaimaa Taha Elsaid El-Wakeel
_UCairo University
_FFaculty of Science
_DDepartment of Chemistry
905 _aShimaa
942 _2ddc
_cTH
_e21
_n0
999 _c179589